书目信息 |
| 题名: |
抗霾养肺书
|
|
| 作者: | 杨力 主编 | |
| 分册: | ||
| 出版信息: | 北京 电子工业出版社 2015 |
|
| 页数: | 160页 | |
| 开本: | 24cm | |
| 丛书名: | ||
| 单 册: | ||
| 中图分类: | X510.31 , R563-49 | |
| 科图分类: | ||
| 主题词: | 空气污染--普及读物--健康--影响 , 肺疾病--普及读物--防治 | |
| 电子资源: | ||
| ISBN: | 978-7-121-22478-2 | |
| 000 | 00782nam0 2200241 450 | |
| 001 | 187 | |
| 005 | 20160906093122.93 | |
| 010 | @a978-7-121-22478-2@dCNY35.00 | |
| 100 | @a20141125d2015 em y0chiy50 ea | |
| 101 | 0 | @achi |
| 102 | @aCN@b110000 | |
| 105 | @aa z 000yy | |
| 200 | 1 | @a抗霾养肺书@9kang mai yang fei shu@f杨力主编 |
| 210 | @a北京@c电子工业出版社@d2015 | |
| 215 | @a160页@c图@d24cm | |
| 330 | @a本书以抗霾护肺为核心,从养肺、防霾、排毒等方面全方位地为广大读者支招,达到保养好我们的肺、让我们健康快乐的目的。 | |
| 606 | 0 | @a空气污染@j普及读物@x健康@x影响 |
| 606 | 0 | @a肺疾病@j普及读物@x防治 |
| 690 | @aX510.31@v5 | |
| 690 | @aR563-49@v5 | |
| 701 | 0 | @a杨力@9yang li@c(女,养生)@4主编 |
| 801 | 0 | @aCN@b唐山师范学院图书馆@c20160721 |
| 905 | @aZUCC@dX510.31@e140 | |
| 抗霾养肺书/杨力主编.-北京:电子工业出版社,2015 |
| 160页:图;24cm |
| ISBN 978-7-121-22478-2:CNY35.00 |
| 本书以抗霾护肺为核心,从养肺、防霾、排毒等方面全方位地为广大读者支招,达到保养好我们的肺、让我们健康快乐的目的。 |
| ● |
| 相关链接 |
|
|
|
|
正题名:抗霾养肺书
索取号:X510.31/140
 
预约/预借
| 序号 | 登录号 | 条形码 | 馆藏地/架位号 | 状态 | 备注 |
| 1 | 900779 | 209007796 | 第二样本阅览室/ [索取号:X510.31/140] | 在馆 | |
| 2 | 900780 | 209007803 | 密集书库-化学系/ [索取号:X510.31/140] | 在馆 | |
| 3 | 900781 | 209007812 | 第三借阅区/ [索取号:X510.31/140] | 在馆 |